[Event "AUTO-ADV-2411"]
[Site "http://www.queenalice.com/game.php?id=1029873"]
[Date "2012.2.15"]
[Round "1"]
[White "Andreu"]
[Black "gipmachado"]
[Result "1-0"]
[WhiteElo "1927"]
[BlackElo "1825"]

1. e4 Nf6 2. Nc3 d5 3. exd5 Nxd5 4. Nxd5 Qxd5 5. Nf3 e5 6. d3 Bc5 7. c4 Qe6 8.
Be2 O-O 9. O-O Nc6 10. b3 Bd7 11. Bb2 Rad8 12. Ng5 Qg6 13. Bc1 Bf5 14. Bh5 Qd6
15. Bxf7+ Rxf7 16. Nxf7 Kxf7 17. Qh5+ Bg6 18. Qf3+ Kg8 19. Rd1 Bxd3 20. Bg5 e4
21. Qg4 Rf8 22. Be3 Bxe3 23. fxe3 Qf6 24. Qd7 Qf7 25. Qxf7+ Rxf7 26. a3 Ne5 27.
c5 h5 28. h3 g5 29. b4 Nc4 30. Re1 g4 31. hxg4 hxg4 32. Kh2 Rf2 33. Kg3 Rc2 34.
Rh1 Nxe3 35. Kf4 Nxg2+ 36. Kxg4 Ne3+ 37. Kf4 Nc4 38. Rag1+ Kf7 39. Rh7+ Ke6 40.
Rg6+ Kd5 41. Rd7+ Nd6 42. cxd6 cxd6 43. Rgxd6+ Kc4 44. Rxb7 Kb3 45. Rxa7 Ra2 46.
Ke3 Re2+ 47. Kd4 Ra2 48. Ke3 Re2+ 49. Kd4 Ra2 50. Rd5 1-0

[Event "Challenge"]
[Site "http://www.queenalice.com/game.php?id=1032481"]
[Date "2012.2.23"]
[Round "-"]
[White "aquatico"]
[Black "Andreu"]
[Result "1-0"]
[WhiteElo "1869"]
[BlackElo "1946"]

1. g4 d5 2. Bg2 Bxg4 3. c4 e6 4. Qb3 c6 5. cxd5 cxd5 6. Qa4+ Nc6 7. Qxg4 Nf6 8.
Qa4 Bc5 9. Nf3 O-O 10. Qc2 Qb6 11. Nc3 Bxf2+ 12. Kf1 Ng4 13. h3 Bg3 14. e3 Nb4
15. Qb3 Qa6+ 16. Ne2 Nf2 17. Qxb4 Nxh1 18. Bxh1 Rac8 19. Qg4 Bd6 20. Kf2 Rc2 21.
Ned4 Rc4 22. Bg2 f5 23. Qh5 e5 24. Ng5 h6 25. Nge6 exd4 26. Nxf8 dxe3+ 27. dxe3
Rc2+ 28. Kg1 Bxf8 29. Bxd5+ Kh7 30. Qxf5+ Qg6+ 31. Qxg6+ Kxg6 32. Be4+ 1-0

[Event "Challenge"]
[Site "http://www.queenalice.com/game.php?id=1032492"]
[Date "2012.2.23"]
[Round "-"]
[White "onfs2"]
[Black "Andreu"]
[Result "1-0"]
[WhiteElo "1895"]
[BlackElo "1953"]

1. e4 e5 2. Nf3 d6 3. Nc3 Bg4 4. Bc4 h6 5. Nxe5 dxe5 6. Qxg4 Nf6 7. Qf3 Bc5 8.
Nd5 Nbd7 9. a3 c6 10. Nxf6+ Nxf6 11. c3 O-O 12. b4 Bb6 13. d3 Qd7 14. Qg3 Ng4
15. O-O Bc7 16. h3 Nf6 17. Bxh6 Nh5 18. Qg5 Qd6 19. Qxh5 Qxh6 20. Qxh6 gxh6 21.
Rfe1 Rad8 22. Re3 b5 23. Bb3 Rd6 24. a4 a6 25. axb5 axb5 26. Rf3 Bb6 27. Ra6 c5
28. bxc5 Bxc5 29. Rxd6 Bxd6 30. Rf6 Bc5 31. Rxh6 Kg7 32. Rc6 Ba7 33. Rc7 1-0

[Event "Challenge"]
[Site "http://www.queenalice.com/game.php?id=1033140"]
[Date "2012.2.25"]
[Round "-"]
[White "Andreu"]
[Black "Espinete"]
[Result "1-0"]
[WhiteElo "1918"]
[BlackElo "1744"]

1. e4 e5 2. f4 d6 3. Nf3 Bg4 4. Be2 Bxf3 5. Bxf3 exf4 6. d4 g5 7. d5 Nf6 8. b3
Qe7 9. Qd3 h5 10. Qb5+ c6 11. dxc6 Nxc6 12. Nd2 g4 13. Be2 a6 14. Qc4 Kd7 15.
Bb2 Rc8 16. e5 Nxe5 17. Qa4+ Nc6 18. Qxf4 Bg7 19. Bxf6 Bxf6 20. O-O-O Be5 21.
Qf5+ Kc7 22. Bc4 f6 23. Rhe1 Nd4 24. Qd3 Kb8 25. g3 Rhd8 26. b4 b5 27. Bb3 Rc7
28. Kb1 Rdc8 29. Rc1 Rc3 30. Qe4 Nxb3 31. Nxb3 R3c4 32. Qf5 Rxb4 33. Qxh5 Qd7
34. Qg6 Rf8 35. Re4 Rc4 36. Rxc4 bxc4 37. Qh6 Qd8 38. Qd2 c3 39. Qe2 f5 40. Qxa6
Qc7 41. Na5 Rc8 42. Ka1 Qd7 43. Rb1+ Kc7 44. Rb7+ Kd8 45. Rxd7+ Kxd7 46. Nc4 Rc6
47. Nxe5+ dxe5 48. Qd3+ Ke6 49. a4 e4 50. Qd4 Rc7 51. a5 Rc6 52. Ka2 Rc7 53. a6
Rc6 54. Kb3 Ke7 55. Qe5+ Kd8 56. Qb8+ Rc8 57. Qb6+ Kd7 58. a7 Rc6 59. Qxc6+ Kxc6
60. a8=Q+ Kc5 61. Kxc3 Kd6 62. Qe8 Kd5 63. Qe7 Kc6 64. Kc4 Kb6 65. Qc5+ Kb7 66.
Kb5 Kb8 67. Kb6 e3 68. Qc7+ Ka8 69. Qb7# 1-0

[Event "AUTO-ADV-2432"]
[Site "http://www.queenalice.com/game.php?id=1036882"]
[Date "2012.3.7"]
[Round "1"]
[White "Andreu"]
[Black "pergaminos"]
[Result "1-0"]
[WhiteElo "1897"]
[BlackElo "1771"]

1. e4 e5 2. Nf3 d6 3. Bc4 Bg4 4. O-O Nc6 5. h3 Bh5 6. c3 Be7 7. d4 exd4 8. cxd4
Nf6 9. Qd3 O-O 10. Bf4 h6 11. Nbd2 a6 12. e5 dxe5 13. Nxe5 Nxe5 14. Bxe5 Kh8 15.
Ne4 Nxe4 16. Qxe4 Bg6 17. Qxb7 f6 18. Bxc7 Qxd4 19. b3 Be4 20. Qb6 Bc5 21. Qa5
Bc6 22. Be2 Bb5 23. Bxb5 axb5 24. Qxb5 Qd5 25. Qe2 Rfe8 26. Qb2 Bd4 27. Qd2
Bxf2+ 28. Qxf2 Rac8 29. Bg3 Qg5 30. Qf4 Qc5+ 31. Bf2 Qb5 32. Rac1 Rcd8 33. Rfd1
Qe2 34. Rxd8 Rxd8 35. Qc7 Rd1+ 36. Rxd1 Qxd1+ 37. Kh2 Qd2 38. Qa7 Qd6+ 39. Bg3
Qe6 40. b4 h5 41. b5 Kh7 42. b6 h4 43. Bxh4 Qe5+ 44. Bg3 Qe4 45. b7 f5 46. b8=Q
f4 47. Qxf4 1-0

[Event "AUTO-ADV-2432"]
[Site "http://www.queenalice.com/game.php?id=1036883"]
[Date "2012.3.7"]
[Round "1"]
[White "pergaminos"]
[Black "Andreu"]
[Result "0-1"]
[WhiteElo "1741"]
[BlackElo "1908"]

1. d4 d5 2. Nc3 e6 3. a3 Nc6 4. e3 Nf6 5. Bb5 Bd7 6. Nf3 Be7 7. Bd2 O-O 8. O-O
a6 9. Bd3 Bd6 10. Re1 Ne7 11. e4 c5 12. e5 Bxe5 13. Nxe5 cxd4 14. Ne2 Nc6 15.
Nxc6 bxc6 16. Nxd4 c5 17. Nf3 c4 18. Be2 Re8 19. Bb4 Qb6 20. Nd4 e5 21. Nf3 a5
22. Bd2 h6 23. c3 Bb5 24. Qc2 a4 25. Be3 Qd6 26. Red1 Bc6 27. Bxc4 Qc7 28. Ba2
Rad8 29. Bb1 e4 30. Nd4 Bd7 31. f3 Re5 32. Bf4 g5 33. Bxe5 Qxe5 34. Re1 Re8 35.
Qf2 e3 36. Qe2 h5 37. Nf5 Bxf5 38. Qb5 g4 39. f4 Qxf4 40. Ba2 Qf2+ 41. Kh1 Be4
42. Rg1 e2 43. Rae1 Bxg2+ 44. Rxg2 Qxe1+ 45. Rg1 Qxg1+ 46. Kxg1 e1=Q+ 47. Kg2
Re2+ 0-1

[Event "AUTO-ADV-2432"]
[Site "http://www.queenalice.com/game.php?id=1036884"]
[Date "2012.3.7"]
[Round "1"]
[White "Andreu"]
[Black "Rubens2009"]
[Result "0-1"]
[WhiteElo "1939"]
[BlackElo "1807"]

1. e4 c5 2. Nf3 e6 3. d3 Be7 4. Nc3 a6 5. Bf4 Nc6 6. Be2 d6 7. O-O e5 8. Bd2 Nf6
9. a3 O-O 10. b4 b6 11. b5 axb5 12. Nxb5 d5 13. exd5 Nxd5 14. Nc3 Nxc3 15. Bxc3
f6 16. Bb2 Ba6 17. c3 Qc7 18. Qc2 Rfd8 19. Rfd1 Rd6 20. d4 Bxe2 21. Qxe2 cxd4
22. cxd4 exd4 23. Nxd4 Nxd4 24. Bxd4 Rad8 25. Rdc1 Qd7 26. Bc3 Rd3 27. h3 Bc5
28. Kh1 Qd5 29. f3 Be3 30. Rf1 Bd2 31. Bxd2 Rxd2 32. Qa6 b5 33. Rab1 Rb8 34.
Rfc1 Qg5 35. Qe6+ Kf8 36. Rc8+ Rxc8 37. Qxc8+ Kf7 38. Qb7+ Kg6 39. f4 Qxf4 40.
Qxb5 Qe4 41. Rg1 Rd3 42. Qb1 Rxh3# 0-1

[Event "AUTO-ADV-2432"]
[Site "http://www.queenalice.com/game.php?id=1036885"]
[Date "2012.3.7"]
[Round "1"]
[White "Rubens2009"]
[Black "Andreu"]
[Result "1-0"]
[WhiteElo "1881"]
[BlackElo "1927"]

1. e4 e5 2. Nf3 d6 3. d4 Nf6 4. Bd3 Nbd7 5. O-O g6 6. Nc3 Bg7 7. Bg5 O-O 8. dxe5
dxe5 9. Qe2 Re8 10. Rad1 c5 11. Bc4 Qc7 12. Nb5 Qb6 13. b3 a6 14. Nd6 Rf8 15.
Qd3 Qc7 16. Bh4 b5 17. Nxc8 bxc4 18. Ne7+ Kh8 19. Qxc4 Nb6 20. Qc3 Qxe7 21. Nxe5
Qc7 22. Rfe1 Ng4 23. f4 Nxe5 24. fxe5 Bxe5 25. Bf6+ Bxf6 26. Qxf6+ Kg8 27. Rd6
Rad8 28. Rxb6 Rd4 29. Rc6 Qd7 30. Rxc5 Rd1 31. Qf2 Rd8 32. h3 Rxe1+ 33. Qxe1
Qd4+ 34. Qf2 Qxe4 35. Kh2 Qb4 36. Rc7 Rf8 37. c4 Qb8 38. Qg3 f5 39. Qd6 Rf7 40.
Rc6 Qxd6+ 41. Rxd6 Ra7 42. c5 Kf7 43. b4 Ke7 44. Rb6 Kd7 45. Kg3 Kc7 46. Kf4 a5
47. b5 a4 48. Kg5 Kc8 49. c6 a3 50. Ra6 Re7 51. Rxa3 Re2 52. g4 fxg4 53. hxg4
Re5+ 54. Kh6 Rxb5 55. Kxh7 Rg5 56. Ra4 1-0

[Event "AUTO-ADV-2432"]
[Site "http://www.queenalice.com/game.php?id=1036886"]
[Date "2012.3.7"]
[Round "1"]
[White "Andreu"]
[Black "Mick_Gray"]
[Result "1/2-1/2"]
[WhiteElo "1898"]
[BlackElo "1731"]

1. e4 f5 2. Nc3 f4 3. d4 d6 4. Bxf4 b6 5. Nf3 Bb7 6. d5 c6 7. Bc4 b5 8. dxc6
Bxc6 9. Nxb5 Bxb5 10. Bxb5+ Nd7 11. O-O e5 12. Be3 Nf6 13. Ng5 h6 14. Ne6 Qe7
15. Nc7+ Kf7 16. Nxa8 Qd8 17. Bc4+ Ke7 18. Bxa7 Qxa8 19. Be3 Qxe4 20. Bd3 Qc6
21. c4 e4 22. Be2 Ne5 23. Rc1 Ke6 24. b4 d5 25. cxd5+ Qxd5 26. f4 exf3 27. gxf3
Bxb4 28. f4 Qe4 29. Qb3+ Nd5 30. fxe5 Qxe3+ 31. Qxe3 Nxe3 32. Rf3 Nf5 33. Rb1
Rb8 34. Kh1 Nd4 35. Re3 Nc6 36. Bc4+ Ke7 37. Bd5 Nd4 38. Rd3 Nc2 39. Rf3 Rd8 40.
Bb3 Nd4 41. Rf7+ Ke8 42. Bc4 Be7 43. Rb7 Nc6 44. e6 Rb8 45. Rc7 Rb6 46. Bd5 Rb1+
47. Kg2 Rb2+ 48. Kg3 Bd6+ 49. Kh3 Rxh2+ 50. Kg4 Ne5+ 51. Kf5 Rf2+ 52. Ke4 Nxf7
53. Rxf7 Rxf7 54. exf7+ Kf8 55. Kf5 Bb4 56. a4 Bc3 57. Ke6 Bd2 58. Kd6 h5 59.
Ke5 h4 60. Ke4 h3 61. Kf3 h2 62. Kg3 h1=Q 63. Bxh1 Kxf7 64. Kf3 Ke6 65. Bg2
1/2-1/2

[Event "AUTO-ADV-2432"]
[Site "http://www.queenalice.com/game.php?id=1036887"]
[Date "2012.3.7"]
[Round "1"]
[White "Mick_Gray"]
[Black "Andreu"]
[Result "0-1"]
[WhiteElo "1749"]
[BlackElo "1917"]

1. f4 d5 2. e3 Nf6 3. Nf3 Bg4 4. Be2 Nc6 5. h3 Bf5 6. b3 Ne4 7. Ba3 a6 8. O-O
Qd7 9. d3 Ng3 10. Re1 g6 11. Bb2 f6 12. Nc3 O-O-O 13. Kh2 Nxe2 14. Nxe2 Re8 15.
g4 Be6 16. Ned4 Nxd4 17. Bxd4 h5 18. g5 Bg7 19. a4 Bxh3 20. Rg1 e5 21. gxf6 exd4
22. fxg7 Rhg8 23. Rxg6 dxe3 24. d4 Rxg7 25. Rxg7 Qxg7 26. Kxh3 Qg4+ 27. Kh2
Qxf4+ 28. Kg2 Qg4+ 29. Kh2 Rf8 30. Qg1 Rxf3 31. Qxg4+ hxg4 32. Kg2 Kd7 33. Rf1
Rxf1 34. Kxf1 Ke6 35. Ke2 Kf5 36. Kxe3 b6 37. c3 Kg5 38. c4 c6 39. Kf2 Kf4 40.
c5 bxc5 41. dxc5 d4 42. b4 d3 43. b5 d2 44. Ke2 g3 45. b6 g2 46. b7 d1=Q+ 47.
Kxd1 g1=Q+ 48. Kd2 Qb1 0-1

[Event "Challenge"]
[Site "http://www.queenalice.com/game.php?id=1036976"]
[Date "2012.3.7"]
[Round "-"]
[White "Leofelix"]
[Black "Andreu"]
[Result "0-1"]
[WhiteElo "1731"]
[BlackElo "1924"]

1. e4 e5 2. Nf3 d6 3. Bc4 Be7 4. d4 Nf6 5. Nc3 exd4 6. Qxd4 Nc6 7. Qd1 O-O 8.
O-O a6 9. h3 b5 10. Bd3 Ne5 11. Nxe5 dxe5 12. Be3 c5 13. Nd5 Nxd5 14. exd5 c4
15. Be4 Bd6 16. f4 f5 17. fxe5 Bxe5 18. Bd4 Bxd4+ 19. Qxd4 fxe4 20. Rxf8+ Qxf8
21. d6 Bb7 22. d7 Qe7 23. Rd1 Rd8 24. a3 Bc6 25. Qb6 Rxd7 26. Rf1 Bb7 27. Qf2 e3
28. Qe2 Rd2 29. Re1 Rxe2 30. Rxe2 Qg5 31. g4 Qd5 32. Rh2 Qd1# 0-1

[Event "Challenge"]
[Site "http://www.queenalice.com/game.php?id=1041126"]
[Date "2012.3.21"]
[Round "-"]
[White "rdaigle2003"]
[Black "Andreu"]
[Result "1-0"]
[WhiteElo "1665"]
[BlackElo "1932"]

1. e4 e5 2. Nf3 Nf6 3. Nc3 Nc6 4. Bc4 Bc5 5. Ng5 O-O 6. O-O d6 7. d3 h6 8. Nf3
a6 9. h3 b5 10. Bb3 Bb7 11. a3 Na5 12. Ba2 Bb6 13. Bd2 c6 14. b4 d5 15. exd5
cxd5 16. bxa5 Bxa5 17. Ne2 e4 18. Bxa5 Qxa5 19. dxe4 dxe4 20. Qd2 Qc7 21. Nfd4
Rad8 22. c3 Rfe8 23. Qf4 Rd6 24. Nf5 Nd5 25. Qg3 Rd7 26. Qxg7# 1-0

[Event "AUTO-MASTER-1613"]
[Site "http://www.queenalice.com/game.php?id=1041476"]
[Date "2012.3.22"]
[Round "1"]
[White "Artking"]
[Black "Andreu"]
[Result "0-1"]
[WhiteElo "1980"]
[BlackElo "1885"]

1. e4 e5 2. Nf3 Nf6 3. Nxe5 d6 4. Nxf7 Kxf7 5. Bc4+ Be6 6. Bxe6+ Kxe6 7. d4 Nbd7
8. Bg5 h6 9. Bh4 g5 10. Bg3 h5 11. f4 gxf4 12. Bxf4 Bh6 13. d5+ Kf7 14. O-O Bxf4
15. Rxf4 Qe7 16. Qf3 Rag8 17. Nd2 Rg4 18. Rf1 Rxf4 19. Qxf4 Ke8 20. b4 Ng4 21.
h3 Rf8 22. Qg3 Ngf6 23. c4 Nb6 24. Kh1 Nxe4 25. Rxf8+ Kxf8 26. Qf4+ Nf6 27. Nf3
Ke8 28. Qf5 Kd8 29. c5 Nbxd5 30. Ng5 Nxb4 31. Ne6+ Kc8 32. cxd6 cxd6 33. a3 Nc6
34. Ng7+ Kb8 35. Nxh5 Nxh5 36. Qxh5 Qe5 37. Qf3 Nd4 38. Qf7 a6 39. h4 Qe1+ 40.
Kh2 Qxh4+ 41. Kg1 Ne2+ 42. Kf1 Ng3+ 43. Kf2 Ne4+ 44. Ke3 Qe1+ 45. Kd3 Nc5+ 46.
Kc4 Qe4+ 47. Kc3 Qd3+ 48. Kb2 Na4+ 49. Ka1 Qd1+ 0-1

[Event "AUTO-MASTER-1613"]
[Site "http://www.queenalice.com/game.php?id=1041477"]
[Date "2012.3.22"]
[Round "1"]
[White "Andreu"]
[Black "Artking"]
[Result "1/2-1/2"]
[WhiteElo "1900"]
[BlackElo "1995"]

1. e4 c5 2. Nf3 a6 3. d4 cxd4 4. Nxd4 d6 5. Bd3 Nf6 6. O-O g6 7. Be3 Bg7 8. c3
Bd7 9. Qd2 Ng4 10. Bg5 h6 11. Bf4 e5 12. f3 Nf6 13. Be3 exd4 14. cxd4 Nc6 15.
Nc3 Qe7 16. Bc4 Rc8 17. e5 dxe5 18. d5 Nd4 19. Bxd4 exd4 20. Rae1 Be6 21. dxe6
Kf8 22. exf7 Qc5 23. Ne4 Nxe4 24. fxe4 d3+ 25. Kh1 Qxc4 26. e5 Bxe5 27. Rxe5 Kg7
28. Re7 Rhf8 29. Rd7 Qc2 30. Rxd3 Qxd2 31. Rxd2 Rxf7 32. Rxf7+ Kxf7 1/2-1/2

[Event "AUTO-MASTER-1613"]
[Site "http://www.queenalice.com/game.php?id=1041494"]
[Date "2012.3.22"]
[Round "1"]
[White "Andreu"]
[Black "steinie"]
[Result "0-1"]
[WhiteElo "1891"]
[BlackElo "2148"]

1. e4 e6 2. d4 d5 3. Nc3 Nc6 4. g3 dxe4 5. Bb5 a6 6. Bxc6+ bxc6 7. Nxe4 Bb4+ 8.
c3 Be7 9. Nf3 Qd5 10. Qd3 c5 11. Be3 Bb7 12. Ned2 Nf6 13. c4 Qh5 14. Bf4 cxd4
15. O-O-O O-O-O 16. Rhf1 Ng4 17. h4 e5 18. Rde1 f6 19. Nb3 Rde8 20. Bd2 Qg6 21.
Qxg6 hxg6 22. Ba5 Bxf3 0-1

[Event "AUTO-MASTER-1613"]
[Site "http://www.queenalice.com/game.php?id=1041495"]
[Date "2012.3.22"]
[Round "1"]
[White "steinie"]
[Black "Andreu"]
[Result "1-0"]
[WhiteElo "2138"]
[BlackElo "1905"]

1. e4 e5 2. Nf3 d6 3. d4 exd4 4. Qd3 c5 5. Qb3 h6 6. Bc4 Be6 7. Bxe6 fxe6 8.
Qxe6+ Qe7 9. Qc8+ Kf7 10. O-O g5 11. e5 dxe5 12. Re1 Bg7 13. Qf5+ Qf6 14. Nxe5+
Kf8 15. Qc8+ 1-0

[Event "AUTO-MASTER-1613"]
[Site "http://www.queenalice.com/game.php?id=1041496"]
[Date "2012.3.22"]
[Round "1"]
[White "Andreu"]
[Black "Ironsteinitz"]
[Result "0-1"]
[WhiteElo "1904"]
[BlackElo "2131"]

1. e4 d5 2. exd5 Qxd5 3. Nc3 Qd6 4. d4 Nf6 5. Nf3 a6 6. h3 Nc6 7. Be2 e5 8. dxe5
Nxe5 9. O-O Qxd1 10. Rxd1 Nxf3+ 11. Bxf3 c6 12. Re1+ Be6 13. b3 Bb4 14. Bb2
O-O-O 15. a3 Bd6 16. Ne4 Be7 17. c4 Nxe4 18. Rxe4 Rhg8 19. Rd1 Rxd1+ 20. Bxd1
Rd8 21. Re1 g6 22. Bc3 Bxa3 23. Ba5 Rd7 24. Bf3 Bd6 25. b4 Bc7 26. c5 Bxa5 27.
bxa5 Kc7 28. Be4 Rd4 0-1

[Event "AUTO-MASTER-1613"]
[Site "http://www.queenalice.com/game.php?id=1041497"]
[Date "2012.3.22"]
[Round "1"]
[White "Ironsteinitz"]
[Black "Andreu"]
[Result "1-0"]
[WhiteElo "2085"]
[BlackElo "1909"]

1. d4 d5 2. Bg5 f6 3. Bf4 Nc6 4. Nf3 e6 5. Bg3 Bb4+ 6. c3 Bd6 7. Nbd2 Bxg3 8.
hxg3 Nge7 9. e4 dxe4 10. Nxe4 O-O 11. Bd3 e5 12. Bc4+ Kh8 13. Nfg5 fxg5 14.
Rxh7+ 1-0

[Event "Challenge"]
[Site "http://www.queenalice.com/game.php?id=1041696"]
[Date "2012.3.22"]
[Round "-"]
[White "aquatico"]
[Black "Andreu"]
[Result "0-1"]
[WhiteElo "1830"]
[BlackElo "1905"]

1. b4 c6 2. Bb2 f6 3. e3 e5 4. a3 d5 5. d4 Bd6 6. Qh5+ g6 7. Qh4 Bf5 8. c4 Nd7
9. c5 Be7 10. g4 g5 11. Qg3 Bxb1 12. Rxb1 Qc7 13. h4 gxh4 14. Qxh4 O-O-O 15. Qg3
h6 16. Bd3 e4 17. Qxc7+ Kxc7 18. Be2 Bf8 19. f4 Ne7 20. a4 Bg7 21. a5 f5 22. b5
cxb5 23. Bxb5 fxg4 24. Ne2 a6 25. Ba4 Bf6 26. Ba3 h5 27. Kd2 h4 28. Bxd7 Rxd7
29. Rb6 Nc6 30. Rhb1 Rb8 31. Nc3 Nxa5 32. Ke2 Nc6 33. Nd1 g3 34. Bb4 h3 35. Nc3
h2 36. Ba5 Kc8 37. Kd2 g2 38. Nxe4 dxe4 39. Kc2 g1=Q 40. Re1 Nxa5 41. Rbb1 Qg2+
42. Kc3 Rh7 43. Rh1 Rh3 44. Ra1 Rxe3+ 45. Kb4 Qd2+ 0-1

[Event "Play 2"]
[Site "http://www.queenalice.com/game.php?id=1052259"]
[Date "2012.4.24"]
[Round "-"]
[White "Leofelix"]
[Black "Andreu"]
[Result "0-1"]
[WhiteElo "1820"]
[BlackElo "1901"]

1. e4 e5 2. Nf3 d6 3. Bb5+ Bd7 4. Bc4 Be7 5. d3 f5 6. Bxg8 Rxg8 7. h4 h6 8. Nc3
Nc6 9. a3 f4 10. Nd5 Bg4 11. Nxe7 Qxe7 12. d4 Nxd4 13. Qd3 Nxf3+ 14. gxf3 Bd7
15. Bd2 O-O-O 16. Bb4 h5 17. Bd2 g5 18. hxg5 Rxg5 19. O-O-O Rh8 20. Rdg1 Rxg1+
21. Rxg1 h4 22. Qf1 h3 23. Rh1 Qf7 24. b3 Qh5 25. Qg1 Qxf3 26. a4 Qxe4 27. Rh2
Bf5 28. Qd1 Rg8 29. Rh1 h2 30. Rxh2 Rg1 0-1

[Event "AUTO-ADV-2369"]
[Site "http://www.queenalice.com/game.php?id=1064674"]
[Date "2012.5.27"]
[Round "2"]
[White "echo92"]
[Black "Andreu"]
[Result "1-0"]
[WhiteElo "2108"]
[BlackElo "1916"]

1. d4 d5 2. Nf3 Nf6 3. e3 e6 4. Bd3 Be7 5. Nbd2 O-O 6. e4 c5 7. e5 Nfd7 8. c3
cxd4 9. cxd4 Bb4 10. O-O a6 11. a3 Ba5 12. b4 Bb6 13. Nb3 Nc6 14. Bxh7+ Kxh7 15.
Ng5+ Kg6 16. Qg4 f5 17. Qg3 Qe7 18. h4 Rh8 19. Re1 Nxd4 20. Nxe6+ Kf7 21. Qxg7+
Kxe6 22. Qg6+ 1-0

[Event "AUTO-ADV-2369"]
[Site "http://www.queenalice.com/game.php?id=1064675"]
[Date "2012.5.27"]
[Round "2"]
[White "Andreu"]
[Black "echo92"]
[Result "0-1"]
[WhiteElo "1908"]
[BlackElo "2121"]

1. e4 d5 2. e5 Nc6 3. d4 Bf5 4. c3 e6 5. Nf3 h6 6. Bb5 Ne7 7. O-O a6 8. Ba4 b5
9. Bc2 Bxc2 10. Qxc2 Nf5 11. b3 Be7 12. a3 O-O 13. b4 a5 14. bxa5 Nxa5 15. Nbd2
c5 16. Nb3 Nxb3 17. Qxb3 Qb6 18. Bb2 Ra4 19. Rfd1 c4 20. Qc2 Rfa8 21. Qc1 Qa6
22. g4 Nh4 23. Nxh4 Bxh4 24. f4 Be7 25. f5 Bxa3 26. Bxa3 Rxa3 27. Rxa3 Qxa3 28.
fxe6 fxe6 29. Qb1 Qxc3 30. Qxb5 Qe3+ 31. Kf1 Rf8+ 0-1

[Event "AUTO-ADV-2369"]
[Site "http://www.queenalice.com/game.php?id=1064676"]
[Date "2012.5.27"]
[Round "2"]
[White "Stitch"]
[Black "Andreu"]
[Result "1-0"]
[WhiteElo "1984"]
[BlackElo "1901"]

1. e4 e5 2. Nf3 d6 3. d4 Nc6 4. Bc4 Be7 5. Nc3 Bg4 6. d5 Na5 7. Be2 Nf6 8. b4
Bxf3 9. gxf3 c5 10. bxa5 O-O 11. Rg1 Qxa5 12. Qd2 Nh5 13. Nd1 Qc7 14. Qh6 g6 15.
Qxh5 Kh8 16. Qh6 Bf6 17. Rg3 Rg8 18. Bg5 Bxg5 19. Qxg5 Raf8 20. Qf6+ Rg7 21. Ne3
Qa5+ 22. Kf1 1-0

[Event "AUTO-ADV-2369"]
[Site "http://www.queenalice.com/game.php?id=1064677"]
[Date "2012.5.27"]
[Round "2"]
[White "Andreu"]
[Black "Stitch"]
[Result "0-1"]
[WhiteElo "1901"]
[BlackElo "1970"]

1. e4 e5 2. Nf3 Nc6 3. Bc4 Nf6 4. Nc3 Nxe4 5. Bxf7+ Kxf7 6. Nxe4 d5 7. Neg5+ Kg8
8. d3 h6 9. Nh3 Bxh3 10. gxh3 Qf6 11. Be3 Bd6 12. Rg1 Rf8 13. Nd2 Qf7 14. f3 Kh7
15. c3 d4 16. cxd4 exd4 17. Bf2 Bxh2 18. Rg2 Bf4 19. Ne4 Be3 20. Rg3 Qf4 21. Rc1
Bxc1 0-1